Investigación criminalística de Carlos Gardel (Registro nro. 12289)

Detalles MARC
000 -Cabecera
Campo de control de longitud fija 00591ntm a22002417a 4500
005 - Fecha y hora de la última transacción
Campo de control 20251103183347.0
008 - Elementos de longitud fija--Información general
Campo de control de longitud fija 190830b2005 xxu||||| |||| 00| 0 spa d
020 ## - International Standard Book Number
Número Internacional Estándar del Libro (ISBN) 9789872205930
041 ## - Idioma
Código de idioma Español
082 ## - Clasificación Decimal Dewey
Número de clasificación 363.25 T689i
100 ## - Entrada principal--Autor personal
Nombre personal Torre, Raúl Osvaldo
9 (RLIN) 12848
245 ## - Título propiamente dicho
Título Investigación criminalística de Carlos Gardel
260 ## - Pie de imprenta
Lugar de publicación, distribución, etc. Argentina
260 ## - Pie de imprenta
Nombre del editor, distribuidor, etc. DOSYUNA
260 ## - Pie de imprenta
Fecha de publicación, distribución, etc. 2005
300 ## - Descripción física
Extensión 159 páginas
490 ## - Serie
Título de la Serie Investigación Criminal
650 ## - Materia general
Temática (materia general) CRIMINALÍSTICA
650 ## - Materia general
Temática (materia general) CARLOS GARDEL
650 ## - Materia general
Temática (materia general) AFIS
650 ## - Materia general
Temática (materia general) ADN
942 ## - Punto de acceso adicional KOHA
Tipo de ítem KOHA Libro
Fuente del sistema de clasificación o colocación Dewey Decimal Classification
Existencias
Signatura completa Código de barras Programa Académico Tipo de ítem
363.25 T689i 24509 Investigación Criminal Libro